A dictionary of new words in english
Saved in:
| Hovedforfatter: | |
|---|---|
| Format: | Bog |
| Sprog: | engelsk |
| Udgivet: |
Londres
George Allen
1953
|
| Fag: | |
| Tags: |
Tilføj Tag
Ingen Tags, Vær først til at tagge denne postø!
|
MARC
| LEADER | 00000nam a2200000 a 4500 | ||
|---|---|---|---|
| 001 | UCT3448 | ||
| 003 | CL-VaPUC | ||
| 008 | 961024e19530000UK |||||||||||||||||eng|d | ||
| 082 | 0 | 4 | |a 423 |b BER |2 21 |
| 100 | 0 | |a Berg, Paul C |e author |9 372389 | |
| 245 | 1 | 2 | |a A dictionary of new words in english |
| 300 | |a 176 p | ||
| 942 | |c BK | ||
| 945 | |d 19961024 00:00:00 |a lriquelm | ||
| 260 | |a Londres |b George Allen |c 1953 | ||
| 650 | 0 | |a Diccionarios |9 256200 | |
| 650 | 0 | |a Inglés |9 260023 | |
| 650 | 7 | |a TERMINOLOGIA |2 CL-VaPUC |9 254881 | |
| 650 | 0 | |a Glosarios |9 261047 | |
| 583 | |a last modification |c 19961024 00:00:00 |k Rodrigo Vera | ||
| 999 | |c 253098 |d 253096 | ||